000 00697cam a2200181 i 4500
005 20251108172452.0
008 250721s2000 ua gr 000 0 ara d
082 1 4 _a001.42
_bش ن ب
100 1 _aأبو شنب، جمال محمد
_eمؤلف.
245 1 0 _aأصول الفكر والبحث العلمي :
_b نماذج تطبيقية للتصميم والتنفيذ التجريبي /
_cدكتور جمال محمد أبو شنب.
260 _c.
264 3 1 _aمصر :
_bدار المعرفة الجامعية،
_c2000.
300 _a217 صفحة.
650 1 7 _aالبحث العلمي.
650 1 7 _aأساليب البحث العلمي.
942 _2ddc
_cBK
999 _c80104
_d80104